Statistics for 清代省份地图 Provinces in Qing Dynasty Map Quiz

Click here to take the quiz!

General Stats

  • This quiz has been taken 164 times
  • The average score is 24 of 26

Answers on the Map

Answers color-coded by a green-red scale on the quiz's map according to % correct below.
 

Answer Stats

Answer% Correct
广东
98%
山西
98%
新疆
98%
山东
98%
江苏
98%
湖南
97%
陕西
97%
福建
96%
江西
96%
西藏
96%
广西
95%
青海
95%
甘肃
95%
湖北
95%
河南
95%
四川
95%
浙江
95%
云南
95%
安徽
94%
贵州
94%
内蒙古
92%
直隶
90%
黑龙江
87%
乌里雅苏台
86%
吉林
83%
盛京
80%

Score Distribution

Percentile by Number Answered

Percent of People with Each Score

Your Score History

You have not taken this quiz